| 000 | 005670000a22002170004500 | ||
|---|---|---|---|
| 090 |
_aAR _b03925 |
||
| 245 | 1 | 0 | _aFauna de la Orinoquia |
| 650 | 1 | 4 |
_aFauna silvestre _992225 |
| 650 | 1 | 4 |
_aPeces _992349 |
| 650 | 1 | 4 |
_aReptiles _992767 |
| 650 | 1 | 4 |
_aAnfibios _992768 |
| 650 | 1 | 4 |
_aAves _992429 |
| 650 | 1 | 4 |
_aMamíferos _992510 |
| 650 | 1 | 4 |
_aHábitat animal _994646 |
| 651 | 4 |
_pOrinoquia, colombia _992749 |
|
| 041 | 0 | _aEspañol | |
| 700 | 1 |
_aRodríguez, José Vicente _96976 |
|
| 100 | 1 |
_aDefler, Thomas R. _96444 |
|
| 942 | _cARTICULO | ||
| 773 | 1 |
_tPreprint _q135-161 |
|
| 999 |
_c12959 _d12959 |
||